| 000 | 00987cam a22002773a 4500 | ||
|---|---|---|---|
| 001 | 2047 | ||
| 003 | PGUSA | ||
| 005 | 20140828083010.0 | ||
| 008 | 000101s2000||||xxu|||||s|||||000 | eng d | ||
| 040 |
_aPGUSA _beng |
||
| 042 | _adc | ||
| 050 | 4 | _aPQ | |
| 245 | 1 | 4 |
_aThe Lock and Key Library : _bthe Most Interesting Stories of All Nations: French Novels _h[electronic resource] |
| 260 |
_bProject Gutenberg, _c2000 |
||
| 505 | 0 | _aCount Kostia, by Victor Cherbuliez -- Andre Cornelis, by Paul Bourget -- The Last of the Costellos, by Anonymous -- Lady Betty's Indiscretion, by Anonymous | |
| 506 | _aPublic domain in the USA. | ||
| 516 | _aElectronic text | ||
| 653 | _aFrench literature | ||
| 653 | _aDetective and mystery stories, French | ||
| 700 | 1 |
_aBourget, Paul, _d1852-1935 |
|
| 700 | 1 |
_aCherbuliez, Victor, _d1829-1899 |
|
| 700 | 1 |
_aHawthorne, Julian, _d1846-1934 |
|
| 830 | 0 |
_aProject Gutenberg _v2047 |
|
| 856 | 4 | 0 | _uhttp://www.gutenberg.org/ebooks/2047 |
| 942 | _cEB | ||
| 999 |
_c231386 _d231386 |
||